Men's College Basketball Mascots - Statistics

General Stats
  • This quiz has been taken 192 times
  • The average score is 45 of 76
Answer Stats
Group Hint Answer % Correct
SEC Alabama Crimson Tide
92%
SEC Florida Gators
91%
SEC LSU Tigers
91%
SEC Arkansas Razorbacks
89%
SEC Kentucky Wildcats
89%
SEC Georgia Bulldogs
87%
SEC Auburn Tigers
85%
SEC Missouri Tigers
85%
SEC Tennessee Volunteers
85%
SEC South Carolina Gamecocks
83%
SEC Texas A&M Aggies
77%
Big 12 Kansas Jayhawks
77%
Big 12 Baylor Bears
75%
SEC Ole Miss Rebels
75%
Big 12 Oklahoma Sooners
75%
ACC Clemson Tigers
75%
ACC Duke Blue Devils
74%
Big 12 Texas Long Horns
73%
ACC UNC Tarheels
73%
ACC Florida State Seminoles
72%
Big 12 TCU Horned Frogs
71%
Big 12 Iowa State Cyclones
70%
ACC Louisville Cardinals
69%
ACC Miami Hurricanes
68%
SEC Mississippi State Bulldogs
67%
Big 12 Oklahoma State Cowboys
67%
ACC Notre Dame Fighting Irish
67%
Big Ten Indiana Hoosiers
67%
Big 12 West Virginia Mountaineers
67%
ACC Syracuse Orange
66%
Big East Butler Bulldogs
65%
SEC Vanderbilt Commodores
65%
ACC Boston College Eagles
65%
Big Ten Iowa Hawkeyes
65%
Big 12 Texas Tech Red Raiders
65%
Big 12 Kansas State Wildcats
65%
Big Ten Michigan Wolverines
65%
Big East Creighton Bluejays
63%
Big Ten Michigan State Spartans
63%
Big East UConn Huskies
61%
Big Ten Ohio State Buckeyes
60%
ACC Wake Forest Demon Deacons
59%
ACC Virginia Cavaliers
58%
Big Ten Illinois Fighting Illini
58%
ACC Virginia Tech Hokies
58%
ACC NC State Wolfpack
58%
ACC Georgia Tech Yellow Jackets
58%
Big Ten Nebraska Cornhuskers
56%
Big East Georgetown Hoyas
56%
ACC Pittsburgh Panthers
55%
Big Ten Purdue Boilermakers
54%
Big Ten Maryland Terrapins
53%
Big Ten Minnesota Golden Gophers
52%
Big Ten Wisconsin Badgers
50%
Big East Seton Hall Pirates
48%
Big Ten Penn State Nittany Lions
47%
Big East Villanova Wildcats
47%
Big Ten Northwestern Wildcats
46%
Big East Marquette Golden Eagles
44%
Big East Providence Friars
42%
Big East Xavier Musketeers
42%
Pac-12 Arizona Wildcats
42%
Big Ten Rutgers Scarlet Knights
40%
Pac-12 Arizona State Sun Devils
40%
Pac-12 Oregon Ducks
38%
Big East DePaul Blue Demons
37%
Big East St. John's Red Storm
37%
Pac-12 Oregon State Beavers
34%
Pac-12 California Golden Bears
32%
Pac-12 USC Trojans
30%
Pac-12 Stanford Cardinal
29%
Pac-12 Washington Huskies
29%
Pac-12 UCLA Bruins
28%
Pac-12 Colorado Buffaloes
28%
Pac-12 Utah Utes
28%
Pac-12 Washington State Cougars
21%
No matching quizzes found
Score Distribution
Percent of People with Each Score
Percentile by Number Answered
Your Score History
You have not taken this quiz